|
|
|
|
| LEADER |
01515nam a2200409Ia 4500 |
| 001 |
EBC169250 |
| 003 |
MiAaPQ |
| 005 |
20200520144314.0 |
| 006 |
m o d | |
| 007 |
cr cn||||||||| |
| 008 |
980318s1998 enka sb 001 0 eng d |
| 010 |
|
|
|z 98015337
|
| 020 |
|
|
|z 0203067061
|
| 020 |
|
|
|z 041517189X (alk. paper)
|
| 035 |
|
|
|a (MiAaPQ)EBC169250
|
| 035 |
|
|
|a (Au-PeEL)EBL169250
|
| 035 |
|
|
|a (CaPaEBR)ebr10056078
|
| 035 |
|
|
|a (CaONFJC)MIL33043
|
| 035 |
|
|
|a (OCoLC)320325921
|
| 040 |
|
|
|a MiAaPQ
|c MiAaPQ
|d MiAaPQ
|
| 050 |
|
4 |
|a HD3850
|b .W47 1998
|
| 082 |
0 |
4 |
|a 338.9
|2 21
|
| 245 |
0 |
0 |
|a Who benefits from privatisation?
|h [electronic resource] /
|c [edited by Moazzem Hossain and Justin Malbon.
|
| 246 |
3 |
|
|a Who benefits from privatization
|
| 260 |
|
|
|a London ;
|a New York :
|b Routledge,
|c 1998.
|
| 300 |
|
|
|a xi, 274 p. :
|b ill.
|
| 490 |
1 |
|
|a Routledge studies in the modern world economy ;
|v 16
|
| 504 |
|
|
|a Includes bibliographical references and index.
|
| 533 |
|
|
|a Electronic reproduction. Ann Arbor, MI : ProQuest, 2015. Available via World Wide Web. Access may be limited to ProQuest affiliated libraries.
|
| 650 |
|
0 |
|a Privatization.
|
| 650 |
|
0 |
|a Privatization
|v Case studies.
|
| 655 |
|
4 |
|a Electronic books.
|
| 700 |
1 |
|
|a Hossain, Moazzem,
|d 1950-
|
| 700 |
1 |
|
|a Malbon, Justin.
|
| 710 |
2 |
|
|a ProQuest (Firm)
|
| 830 |
|
0 |
|a Routledge studies in the modern world economy ;
|v 16.
|
| 856 |
4 |
0 |
|u https://ebookcentral.proquest.com/lib/matrademy/detail.action?docID=169250
|z Click to View
|